<?xml version="1.0" encoding="UTF-8"?><?xml-stylesheet type="text/xsl" href="static/style.xsl"?><OAI-PMH xmlns="http://www.openarchives.org/OAI/2.0/" xmlns:xsi="http://www.w3.org/2001/XMLSchema-instance" xsi:schemaLocation="http://www.openarchives.org/OAI/2.0/ http://www.openarchives.org/OAI/2.0/OAI-PMH.xsd"><responseDate>2026-04-14T02:13:34Z</responseDate><request verb="GetRecord" identifier="oai:www.recercat.cat:20.500.12694/7408" metadataPrefix="marc">https://recercat.cat/oai/request</request><GetRecord><record><header><identifier>oai:recercat.cat:20.500.12694/7408</identifier><datestamp>2025-12-18T12:09:49Z</datestamp><setSpec>com_2072_179042</setSpec><setSpec>col_2072_484474</setSpec></header><metadata><record xmlns="http://www.loc.gov/MARC21/slim" xmlns:dcterms="http://purl.org/dc/terms/" xmlns:xsi="http://www.w3.org/2001/XMLSchema-instance" xmlns:doc="http://www.lyncode.com/xoai" xsi:schemaLocation="http://www.loc.gov/MARC21/slim http://www.loc.gov/standards/marcxml/schema/MARC21slim.xsd">
   <leader>00925njm 22002777a 4500</leader>
   <datafield ind2=" " ind1=" " tag="042">
      <subfield code="a">dc</subfield>
   </datafield>
   <datafield ind2=" " ind1=" " tag="720">
      <subfield code="a">Izquierdo Tapiz, Marina</subfield>
      <subfield code="e">author</subfield>
   </datafield>
   <datafield ind2=" " ind1=" " tag="260">
      <subfield code="c">2023-06</subfield>
   </datafield>
   <datafield ind2=" " ind1=" " tag="520">
      <subfield code="a">La present investigació, de naturalesa sociocrítica, pretén comprendre com és el moment de transició cap a la docència dels docents novells de secundària de música, centrant-se en les ajudes de què disposen actualment per poder fer aquesta transició d’estudiant a docent. Aquí, a Catalunya i arreu d’Espanya, l’únic programa de formació de què disposen abans d’inserir-se en la docència és el ja conegut Màster de Formació del Professorat, o MUFP. Per tant, ens centrarem en aquest MUFP, focalitzant-nos en l’especialitat de música i, més concretament, en el moment que es creu que pot ser més significatiu per a l’alumnat, ja que és el primer contacte que tenen amb la professió: el moment de pràctiques.</subfield>
   </datafield>
   <datafield ind2=" " ind1=" " tag="520">
      <subfield code="a">La presente investigación, de naturaleza sociocrítica, pretende comprender cómo es el momento de transición hacia la docencia de los docentes noveles de secundaria de música, centrándose en las ayudas de que disponen actualmente para poder realizar esta transición de estudiante a docente. Aquí, en Cataluña y en toda España, el único programa de formación del que disponen antes de insertarse en la docencia es el ya conocido Máster en Formación del Profesorado o MUFP. Por tanto, nos centraremos en este MUFP, focalizándonos en la especialidad de música y, más concretamente, en el momento que se considera que puede ser más significativo para el alumnado, ya que es el primer contacto que tienen con la profesión: el momento de prácticas.</subfield>
   </datafield>
   <datafield ind2=" " ind1=" " tag="520">
      <subfield code="a">The present investigation, of a sociocritical nature, aims to understand the process of transition towards teaching for novice high school music teachers, focusing on the support they currently receive to make this transition from student to teacher. Here in Catalonia and throughout Spain, the only training program available before entering the teaching profession is the well-known Master’s Degree in Teacher Training (MUFP). Therefore, we will focus on this MUFP, specifically on the music specialization, and more specifically, on the moment that is considered to be the most significant for the students, as it represents their first contact with the profession: the practicum period.</subfield>
   </datafield>
   <datafield ind1="8" ind2=" " tag="024">
      <subfield code="a">http://hdl.handle.net/20.500.12694/7408</subfield>
   </datafield>
   <datafield tag="653" ind2=" " ind1=" ">
      <subfield code="a">TFG Pedagogia</subfield>
   </datafield>
   <datafield tag="653" ind2=" " ind1=" ">
      <subfield code="a">Joves--Treball</subfield>
   </datafield>
   <datafield tag="653" ind2=" " ind1=" ">
      <subfield code="a">Música--Ensenyament--Educació secundària obligatòria</subfield>
   </datafield>
   <datafield ind2="0" ind1="0" tag="245">
      <subfield code="a">D'estudiant a docent de música de secundària: una aproximació al moment de transició cap a la docència</subfield>
   </datafield>
</record></metadata></record></GetRecord></OAI-PMH>